| 000 | 00587cam a22002051 4500 | ||
|---|---|---|---|
| 001 | sa 68020609 | ||
| 003 | DLC | ||
| 005 | 20260227112726.0 | ||
| 008 | 761012s1965 io 000 0 ind | ||
| 010 | _asa 68020609 | ||
| 035 | _a(OCoLC)2496886 | ||
| 040 |
_aDLC _cOAU _dDLC |
||
| 042 | _apremarc | ||
| 050 | 0 | 0 |
_aHX403.5 _b.H37 |
| 245 | 0 | 0 |
_aHarian API mengganjang nekolim-PKI-Gestapu, _cdisusun oleh dewan redaksi API. |
| 260 |
_aDjakarta, _bMerdeka Press _c[1965] |
||
| 300 |
_a 81 p. _billus. _c20 cm. |
||
| 650 | 0 |
_aCommunism _zIndonesia. |
|
| 710 | 2 | _aAmerican Petroleum Institute. | |
| 999 |
_c89522 _d89522 |
||